000 00937cab a2200217 4500
001 WB2837-02
008 090401t1992 xxu||||| |||| 00| 0 eng d
035 _a(Sirsi) u19020
041 _aeng
245 _aDLR upgrade subject to trial
260 _c1992
350 _a0
490 _aBuilding
_v257(7763) 25 September 1992, 12(1)
520 _aUS engineer Brown and Root is negotiating a unique contract worth up to £100m to revitalise London`s Docklands Light Railway, in which payment of a significant part of the sum is dependent on the performance of the line. This is understood to be the first time that a major public building or civil engineering contract has been awarded on the basis that money is withheld until the success of the work is tested.
650 _aDOCKLANDS LIGHT RAILWAY
650 _aPERFORMANCE RELATED
650 _aRAILWAYS
690 _aBUILT ENVIRONMENT
942 _n0
948 _c04/03/1997
999 _c12659
_d12659